| 000 | 00821nas a2200265 4500 | ||
|---|---|---|---|
| 001 | BR8306136 | ||
| 003 | BR-BrBNA | ||
| 005 | 20231205085717.0 | ||
| 007 | ta | ||
| 008 | 230509b bl.|||p| |||| 00| 00por d | ||
| 040 |
_aBR-BrBNA _bpor _cBiblioteca Nacional de Agricultura |
||
| 041 | _a(Pt) | ||
| 072 | _aL40; M01 | ||
| 100 | 1 | _aDuarte, A.M.S.F. | |
| 100 | 1 | _aSilveira, M. do S.S. | |
| 100 | 1 | _aVieira, H.F. | |
| 100 | 1 | _aVieira, M.L.C. | |
| 245 | 1 | _aPropriedades estruturais de hemoglobais de peixes marinhos. 1. caracterizacao eletroforetica | |
| 650 | _aPEIXE MARINHO | ||
| 650 | _aHEMOGLOBINA | ||
| 650 | _aELETROFORESE | ||
| 773 | 0 |
_tArquivos de Ciencias do Mar (Brazil) _xISSN 0374-5686 _g(Dec 1982), v. 22(1-2) p. 43-49 _wBR8306136 |
|
| 909 |
_a202311 _bLúcia _c55 _dLúcia Elande |
||
| 942 |
_2AGRIS _n0 _cANA |
||
| 999 |
_c113268 _d113268 |
||